000 00420nam a2200169 a 4500
001 5957
003 CDMR
005 20130220142515.0
008 130220s1996||||||||||||||||||||||||||||d
040 _aCDMR
_bcat
_cCDMR
100 1 _aLuján, Nèstor
_92974
245 1 0 _aMites, llegendes, creences
_cNèstor Luján
260 _aBarcelona
_bAvui
_c1996
300 _a96 p ;
_c15 cm
630 _aRecull d'articles
942 _cMON
999 _c5957
_d5957